Detalles MARC
| 000 -LIDER |
| fixed length control field |
01381nam a22003971 4500 |
| 001 - NÚMERO DE CONTROL |
| Identificador de número de control |
001008754 |
| 003 - IDENTIFICACDOR DE NÚMERO DE CONTROL |
| control field |
DO-SdBNP |
| 005 - DATE AND TIME OF LATEST TRANSACTION |
| control field |
20171113115050.0 |
| 007 - CAMPOS FIJOS DE DESCRIPCIÓN FÍSICA |
| fixed length control field |
001008754 |
| 008 - ELEMENTOS DE LONGITUD FIJA |
| fixed length control field |
920725s2010 mx spa |
| 016 7# - NO. DE CONTROL DE LA AGENCIA BIB. NACIONAL |
| Record control number |
|
| Canceled/invalid record control number |
|
| Source |
BPMSU |
| 020 ## - ISBN |
| International Standard Book Number |
9780618721016 |
| 035 ## - NÚMERO LOCAL |
| System control number |
|
| 040 ## - FUENTE DE CATALOGACIÓN |
| Agencia que crea de manera original el registro |
BPMSU |
| Idioma de catalogación |
spa |
| Agencia que realiza la transcripción |
BPMSU |
| 080 #0 - NÚMERO DE CLASIFICACIÓN DECIMAL UNIVERSAL |
| Universal Decimal Classification number |
|
| 082 #4 - NÚMERO DE CLASIFICACIÓN DECIMAL DE DEWEY |
| Classification number |
658.8 |
| Item number |
A238v |
| 100 2# - ASIENTO PRINCIPAL -- NOMBRE PERSONAL |
| Nombre personal |
|
| 240 ## - TITULO UNIFORME |
| Título uniforme |
Sales managemnet. Building customer relationships and partnerships. |
| 245 10 - MENCIÓN DE TITULO |
| Título |
Administración de ventas : relaciones y sociedades con el cliente / |
| Medio (Designación general de material) |
|
| Mención de responsabilidad |
Joseph F. Hair ... [et al.] ; traducción Guadalupe Meza Staines ; revisión técnica Mario de la Garza G. ;Editor Javier Reyes Martínez. |
| 260 0# - PUBLICACIÓN, DISTRIBUCIÓN, ETC. (PIE DE IMPRENTA) |
| Lugar de publicación, distribución, etc |
México, D.F. : |
| Nombre del editor, distribuidor, etc. |
Cengage Learning, |
| Fecha de publicación, distribución, etc |
2010 |
| 300 ## - DESCRIPCIÓN FÍSICA |
| Extensión |
xxvi, 462, [45] p. : |
| Otros detalles físicos |
il. ; |
| Dimensiones |
27 cm. |
| 502 ## - NOTA DE TESIS |
| Indentificador de Disertación |
Incluye índice analítico |
| 650 #4 - ENCABEZAMIENTO DE MATERIA--TEMÁTICO |
| Término temático o nombre geográfico como elemento de entrada |
ADMINISTRACIÓN DE VENTAS |
| Fuente del encabezamiento o término |
|
| 650 #7 - ENCABEZAMIENTO DE MATERIA--TEMÁTICO |
| Término temático o nombre geográfico como elemento de entrada |
Promoción de ventas. |
| 650 #7 - ENCABEZAMIENTO DE MATERIA--TEMÁTICO |
| Término temático o nombre geográfico como elemento de entrada |
Vendedores y arte de vender. |
| 650 #4 - ENCABEZAMIENTO DE MATERIA--TEMÁTICO |
| Término temático o nombre geográfico como elemento de entrada |
MERCADEO |
| 650 #4 - ENCABEZAMIENTO DE MATERIA--TEMÁTICO |
| Término temático o nombre geográfico como elemento de entrada |
ADMINISTRACIÓN DE VENTAS |
| 700 12 - ASIENTO SECUNDARIO -- NOMBRE PERSONAL |
| Nombre personal |
Hair, Joseph F. |
| 700 12 - ASIENTO SECUNDARIO -- NOMBRE PERSONAL |
| Nombre personal |
Meza Staines, Guadalupe |
| Mención de responsabilidad |
tr. |
| 700 12 - ASIENTO SECUNDARIO -- NOMBRE PERSONAL |
| Nombre personal |
Garza, Mario de la |
| Mención de responsabilidad |
rev. |
| 700 12 - ASIENTO SECUNDARIO -- NOMBRE PERSONAL |
| Nombre personal |
Reyes Martínez, Javier, |
| Mención de responsabilidad |
ed. |
| 910 ## - VALIDACIÓN |
| Validación |
Validado. Control de calidad MFF |
| 942 ## - ADDED ENTRY ELEMENTS (KOHA) |
| Source of classification or shelving scheme |
Dewey Decimal Classification |
| Koha item type |
Libros |
| 945 ## - INFORMACIÓN DE PROCESAMIENTO LOCAL |
| Información de procesamiento local |
Inventariado extrajenro / 2017 VM |
| 956 ## - LOCAL ELECTRONIC LOCATION AND ACCESS (OCLC) |
| Nombre de host |
VMATEO |
| Método de acceso |
10 |
| Materiales especificados |
20160601 |
| Enlace |
BPMSU |
| Campo enlazado y núm. de secuencia |
0069 |